| 000 | 01048cad a22002295a 4500 | ||
|---|---|---|---|
| 001 | L152014 | ||
| 008 | 110121s20110117 d f s 000 0 eng u | ||
| 035 | _a(Sirsi) u152014 | ||
| 041 | 0 | _aeng | |
| 050 | _a333.33 $2 18 | ||
| 110 | 2 | _aRightmove | |
| 245 | 0 | 0 |
_aDownward price trend ends as new seller numbers hit two year low _h[electronic resource] |
| 260 |
_aLondon _bRightmove _c2011 |
||
| 490 | 0 | 0 |
_aRightmove House Price Index _vDecember 2010 |
| 520 | _aAverage national price down by 3% on the November 2010 figure. Year on year growth is 0.4%. Forecasts Spring stock shortages to underpin prices in popular locations as new seller numbers dwindle and record internet search activity indicates stirring buyer interest. | ||
| 590 | _aKA NTK | ||
| 650 | 2 | 4 | _aRIGHTMOVE HOUSE PRICE INDEX |
| 651 | 4 |
_aUnited Kingdom _y |
|
| 690 | _aPROPERTY-RESIDENTIAL PROPERTY-RESIDENTIAL PROPERTY MARKET | ||
| 856 | 4 | 0 |
_uhttps://www.rightmove.co.uk/news/files/2011/01/january-2011.pdf _zView the item free of charge at www.rightmove.co.uk |
| 942 | _n0 | ||
| 999 |
_c111797 _d111797 |
||